Guia per recórrer Rodolf Sirera / Rafael del Rosario Pérez González ; pròleg d'Enric Gallén
Descripción Física:
229 p. ; 21 cm
Colección:
Monografies de teatre ; 35
Otros Autores:
Gallén, Enric
MARC
| LEADER | 00000nam a2200000Ia 4500 | ||
|---|---|---|---|
| 001 | 12050 | ||
| 008 | 160829s1998 xx 000 0 cat d | ||
| 080 | |a B-1-193 | ||
| 100 | |a Pérez González, Rafael del Rosario |9 30977 |e autor | ||
| 245 | |a Guia per recórrer Rodolf Sirera / Rafael del Rosario Pérez González ; pròleg d'Enric Gallén | ||
| 260 | |a Barcelona : |b Institut del Teatre, Diputació de Barcelona, |c 1998 | ||
| 300 | |a 229 p. ; |c 21 cm | ||
| 490 | |a Monografies de teatre ; 35 | ||
| 590 | |a Premi Xavier Fàbregas 1996. | ||
| 590 | |a Bibliografia | ||
| 650 | |a Sirera, Rodolf |x Crítica i interpretació |9 30978 | ||
| 650 | |a Dramaturgs catalans |x País Valencià |x S. XX |9 30979 | ||
| 700 | 1 | |a Gallén, Enric |e autor del pròleg |9 34610 | |
| 710 | 1 | |a Institut del Teatre (Barcelona, Catalunya) |9 52662 | |
| 901 | |a Arxiu | ||
| 942 | |n 1 |2 udc | ||
| 952 | |0 0 |1 0 |4 0 |6 B1193 |7 1 |9 45588 |a Arxiu |b Arxiu |d 2016-12-01 |l 0 |o B-1-193 |p 12050 |r 2016-12-01 00:00:00 |w 2016-12-01 |y ARXIU | ||
| 999 | |c 48756 |d 48756 | ||